| 000 | 00808nas a2200265 4500 | ||
|---|---|---|---|
| 001 | BR6200331 | ||
| 003 | BR-BrBNA | ||
| 005 | 20231205082149.0 | ||
| 007 | ta | ||
| 008 | 230509b bl.|||p| |||| 00| 00por d | ||
| 040 |
_aBR-BrBNA _bpor _cBiblioteca Nacional de Agricultura |
||
| 041 | _a(Pt) | ||
| 072 | _aL74 | ||
| 100 | 1 | _aSantos, A.G. dos | |
| 100 | 1 | _aGuerreiro, M.G. | |
| 100 | 1 | _aBauer, A.G. | |
| 100 | 1 | _aRodrigues, I.M. | |
| 100 | 1 | _aBrissac, M.M. | |
| 245 | 1 | _aIntoxicacao mortal em bovinos pelo hexaclorofeno | |
| 650 | _aINTOXICACAO ANIMAL | ||
| 650 | _aBOVINO | ||
| 773 | 0 |
_tRevista da Faculdade de Agronomia e Veterinaria da Universidade do Rio Grande do Sul (Brazil) _x _g(Dec 1962), v. 5(4) p. 309-324 _wBR6200331 |
|
| 909 |
_a202311 _bLúcia _c55 _dLúcia Elande |
||
| 942 |
_2AGRIS _n0 _cANA |
||
| 999 |
_c89633 _d89633 |
||